| 000 | 00875nam0a2200301 4500 | ||
|---|---|---|---|
| 001 | RU\NLR\bibl\802864 | ||
| 005 | 20260405233910.0 | ||
| 010 |
_a5-9689-0010-5 _95000 |
||
| 021 |
_aRU _b2005-8651 _9452 |
||
| 035 | _a(NLR Aleph) 000792024 | ||
| 090 |
_a1127748 _c1127748 |
||
| 100 | _a20050524d2005 |||y0rusy50 ca | ||
| 101 | 0 | _arus | |
| 102 | _aRU | ||
| 105 | _ay ||||||||| | ||
| 200 | 1 |
_aПойти туда... _fДия Гарина |
|
| 210 |
_aМосква _cКоffейное чтиво [и др.] _d2005 |
||
| 215 |
_a275, [2] с. _d17 |
||
| 225 | 1 | _aКоffейное чтиво | |
| 686 | _aШ6(2=Р)75-446 | ||
| 700 | 1 |
_4070 _8rus _7ca _aГарина _bД. _gДия _3RU\NLR\auth\77107584 _990509 |
|
| 801 | 0 |
_aRU _bNLR _c20050524 _gPSBO |
|
| 801 | 1 |
_aRU _bNLR _c20050524 |
|
| 942 | _cBOOK | ||
| 980 | _aNB | ||